Medzinárodná vedecká konferencia "Vývojové trendy v poisťovníctve 2012"

Zámery a ciele medzinárodnej vedeckej konferencie, ktorá sa uskutočnila dňa 31. mája 2012 na NHF EU v Bratislave.

Salvato in:
Dettagli Bibliografici
Autore principale: Brokešová, Zuzana, 1985-
Natura: Capitolo di libro
Lingua:slovacco
Soggetti:
Tags: Aggiungi Tag
Nessun Tag, puoi essere il primo ad aggiungerne!!

MARC

LEADER 00000naa a2200000 4500
001 0161436
005 20240502072811.7
041 0 |a slo 
044 |a SK 
245 1 0 |a Medzinárodná vedecká konferencia "Vývojové trendy v poisťovníctve 2012"  |c Zuzana Brokešová 
520 |a Zámery a ciele medzinárodnej vedeckej konferencie, ktorá sa uskutočnila dňa 31. mája 2012 na NHF EU v Bratislave. 
610 2 0 |a konferencie 
610 2 0 |a školy vysoké 
610 2 0 |a trh poistný 
610 2 0 |a poisťovníctvo 
100 1 |a Brokešová, Zuzana, 1985-